[Event "World Rapid Women 2017"]
[Site "Riyadh KSA"]
[Date "2017.12.26"]
[Round "1.1"]
[White "Zawadzka, Jolanta"]
[Black "Lagno, Kateryna"]
[Result "1-0"]
[WhiteTitle "WGM"]
[BlackTitle "GM"]
[WhiteElo "2424"]
[BlackElo "2547"]
[WhiteFideId "1122320"]
[BlackFideId "14109336"]
[EventDate "2017.12.26"]

1. e4 c5 2. Nf3 Nc6 3. d4 cxd4 4. Nxd4 Nf6 5. Nc3 d6 6. Bg5 e6 7. Qd2 Be7 8.
O-O-O a6 9. f4 Bd7 10. Nf3 b5 11. Bxf6 gxf6 12. Kb1 Qb6 13. f5 h5 14. Qe1 Ne5
15. fxe6 fxe6 16. Nd4 b4 17. Nce2 Ng4 18. Nf4 e5 19. Nd5 Qa7 20. h3 exd4 21.
hxg4 Bxg4 22. Be2 Be6 23. Bxh5+ Kd7 24. Qxb4 Bxd5 25. exd5 Qc5 26. Qb7+ 1-0

[Event "World Rapid Women 2017"]
[Site "Riyadh KSA"]
[Date "2017.12.26"]
[Round "1.3"]
[White "Bivol, Alina"]
[Black "Gunina, Valentina"]
[Result "0-1"]
[WhiteTitle "WGM"]
[BlackTitle "GM"]
[WhiteElo "2356"]
[BlackElo "2510"]
[WhiteFideId "4100123"]
[BlackFideId "4167570"]
[EventDate "2017.12.26"]

1. e4 c6 2. d4 d5 3. Nc3 dxe4 4. Nxe4 Bf5 5. Ng3 Bg6 6. Nh3 Nd7 7. Nf4 Qc7 8. c3
O-O-O 9. Qb3 e5 10. Nxg6 hxg6 11. Be3 exd4 12. Bxd4 Bc5 13. O-O-O Bxd4 14. cxd4
f5 15. Bc4 Ngf6 16. h3 Nb6 17. Kb1 Nxc4 18. Qxc4 Rhe8 19. Rhe1 Qf4 20. Rxe8 Rxe8
21. Qf7 Qxf2 22. Qxg6 f4 23. Nh5 Re2 24. Qf5+ Nd7 25. Qg6 Rxb2+ 26. Kc1 Rxa2 0-1

[Event "World Rapid Women 2017"]
[Site "Riyadh KSA"]
[Date "2017.12.26"]
[Round "1.4"]
[White "Ju, Wenjun"]
[Black "Cori T., Deysi"]
[Result "1-0"]
[WhiteTitle "GM"]
[BlackTitle "WGM"]
[WhiteElo "2567"]
[BlackElo "2389"]
[WhiteFideId "8603006"]
[BlackFideId "3801934"]
[EventDate "2017.12.26"]

1. d4 Nf6 2. c4 e6 3. g3 c5 4. Nf3 cxd4 5. Nxd4 d5 6. Bg2 e5 7. Nf3 d4 8. O-O
Nc6 9. e3 Bc5 10. exd4 exd4 11. Re1+ Be6 12. Ng5 O-O 13. Nxe6 fxe6 14. Nd2 d3
15. Nb3 Nd7 16. Nxc5 Nxc5 17. Be3 Nd4 18. b4 Na6 19. Bxb7 Rb8 20. Bxa6 Nf3+ 21.
Kg2 d2 22. Bxd2 Qb6 23. Re3 Nxd2 24. Qxd2 Qxa6 25. b5 Qb7+ 26. Kg1 Rf6 27. Rf1
Rbf8 28. a4 Qc7 29. Qe2 Qf7 30. c5 Rh6 31. c6 Qf5 32. Rc1 Qh3 33. f4 Rg6 34. c7
e5 35. Qc4+ 1-0

[Event "World Rapid Women 2017"]
[Site "Riyadh KSA"]
[Date "2017.12.26"]
[Round "1.5"]
[White "Saduakassova, Dinara"]
[Black "Dzagnidze, Nana"]
[Result "0-1"]
[WhiteTitle "IM"]
[BlackTitle "GM"]
[WhiteElo "2460"]
[BlackElo "2522"]
[WhiteFideId "13700090"]
[BlackFideId "13601903"]
[EventDate "2017.12.26"]

1. d4 Nf6 2. c4 e6 3. Nc3 Bb4 4. Qc2 O-O 5. Nf3 b6 6. e4 Bb7 7. Bd3 h6 8. e5 Ne8
9. Be3 c5 10. O-O-O cxd4 11. Nxd4 Nc6 12. f4 Nxd4 13. Bxd4 Rc8 14. Kb1 d5 15.
exd6 Nxd6 16. a3 Bxc3 17. Bxc3 Qe7 18. Qe2 Rfd8 19. f5 Ne8 20. Rhf1 e5 21. Bxe5
Rxd3 22. Rxd3 f6 23. Re3 fxe5 24. Rxe5 Qf8 25. Re7 Ba6 26. Qe6+ Kh8 27. Rf4 Nf6
28. Rxa7 Re8 29. Qxb6 Bc8 30. Qb4 Qg8 31. Re7 Rd8 32. Qc3 Qf8 33. Qe3 Rd1+ 34.
Ka2 Bd7 35. Rf2 Ng4 36. Qf3 Nxf2 37. Re2 Nd3 38. Rc2 Nc1+ 39. Kb1 Ne2+ 40. Ka2
Nc1+ 41. Kb1 Re1 42. g4 Ne2+ 43. Ka2 Nd4 44. Qd3 Nxc2 45. Qxd7 Qe8 46. Qd3 Re2
47. f6 gxf6 48. Qf5 Qe5 49. Qg6 Nb4+ 50. Kb3 Qxb2+ 51. Ka4 Qc2+ 0-1

[Event "World Rapid Women 2017"]
[Site "Riyadh KSA"]
[Date "2017.12.26"]
[Round "1.6"]
[White "Tan, Zhongyi"]
[Black "Bulmaga, Irina"]
[Result "1-0"]
[WhiteTitle "GM"]
[BlackTitle "IM"]
[WhiteElo "2517"]
[BlackElo "2427"]
[WhiteFideId "8603642"]
[BlackFideId "13903063"]
[EventDate "2017.12.26"]

1. Nf3 Nf6 2. c4 b6 3. g3 Bb7 4. Bg2 e6 5. O-O c5 6. Nc3 Be7 7. d4 cxd4 8. Qxd4
O-O 9. Rd1 d6 10. b3 Nbd7 11. Bb2 Re8 12. Ng5 Bxg2 13. Kxg2 Qc8 14. Nge4 Qc6 15.
f3 Rad8 16. Rac1 Nc5 17. b4 Ncxe4 18. Nxe4 Qb7 19. Nc3 Bf8 20. e4 Qb8 21. Re1
Rc8 22. a3 Red8 23. Nd1 b5 24. Ne3 bxc4 25. Rxc4 Rxc4 26. Qxc4 d5 27. exd5 Nxd5
28. Ng4 h5 29. Nf2 Nb6 30. Qe2 Rd5 31. Ne4 Qd8 32. Bc1 a5 33. bxa5 Rxa5 34. Rd1
Rd5 35. Rxd5 Qxd5 36. Qc2 e5 37. Ng5 g6 38. Ne4 Qc4 39. Qxc4 Nxc4 40. a4 Bb4 41.
Nf6+ Kf8 42. Nd5 Ba5 43. Kf2 Ke8 44. Ke2 Kd7 45. Kd3 Nb6 46. Nxb6+ Bxb6 47. Kc4
Kc6 48. Bb2 Bc7 49. Bc3 g5 50. g4 hxg4 51. fxg4 f6 52. h3 Bb6 53. Bb4 Bd8 54.
Bc5 Kd7 55. Kd5 Ba5 56. Bf8 Ke8 57. Bc5 Kd7 58. Be3 Be1 59. Bb6 Kc8 60. a5 Kb7
61. Bd8 Ka6 62. Bxf6 Kxa5 1-0

[Event "World Rapid Women 2017"]
[Site "Riyadh KSA"]
[Date "2017.12.26"]
[Round "1.7"]
[White "Rapport, Jovana"]
[Black "Stefanova, Antoaneta"]
[Result "1/2-1/2"]
[WhiteTitle "WGM"]
[BlackTitle "GM"]
[WhiteElo "2299"]
[BlackElo "2500"]
[WhiteFideId "937266"]
[BlackFideId "2902257"]
[EventDate "2017.12.26"]

1. d4 d5 2. Bf4 Nf6 3. Nc3 c6 4. e3 Bf5 5. f3 h5 6. Bd3 e6 7. Qd2 Bxd3 8. cxd3
Bd6 9. Bxd6 Qxd6 10. f4 Nbd7 11. Nf3 c5 12. dxc5 Nxc5 13. O-O O-O 14. Kh1 Rac8
15. Rac1 Qa6 16. b4 Nxd3 17. b5 Qa3 18. Rc2 Ne4 19. Nxe4 dxe4 20. Ng5 Rxc2 21.
Qxc2 Qb4 22. a3 Qxa3 23. Qe2 g6 24. Nxe4 Kg7 25. Rd1 Nc5 26. Ng5 b6 27. e4 a6
28. f5 axb5 29. Qxb5 Qe3 30. Qxb6 Qxg5 31. Qxc5 gxf5 32. exf5 Qxf5 33. Qxf5 exf5
34. Rd6 Ra8 35. Kg1 Ra2 36. h3 f6 37. Rd8 Ra7 38. Rb8 Kg6 39. Kf2 Kg5 40. Rg8+
Kh6 41. Kf3 Ra4 42. Rh8+ Kg6 43. Rg8+ Kh7 44. Rb8 h4 45. Rf8 Kg7 46. Rb8 Kf7 47.
Rh8 Rd4 48. Ra8 Ke6 49. Re8+ Kd7 50. Rf8 Ke7 51. Rh8 Ra4 52. Rb8 Kf7 53. Rh8 Kg7
54. Rb8 Ra3+ 55. Kf4 Rg3 56. Rb2 Rg5 57. Rb7+ Kh6 58. Rb2 Kg6 59. Rb8 Kf7 60.
Rb7+ Ke6 61. Rb6+ Kf7 62. Rb7+ Kg6 63. Rb8 1/2-1/2

[Event "World Rapid Women 2017"]
[Site "Riyadh KSA"]
[Date "2017.12.26"]
[Round "1.8"]
[White "Ushenina, Anna"]
[Black "Ding, Yixin"]
[Result "0-1"]
[WhiteTitle "GM"]
[BlackTitle "WGM"]
[WhiteElo "2416"]
[BlackElo "2424"]
[WhiteFideId "14110911"]
[BlackFideId "8602972"]
[EventDate "2017.12.26"]

1. d4 d5 2. c4 e6 3. Nc3 c6 4. e3 f5 5. g4 fxg4 6. Qxg4 Nf6 7. Qg2 Qc7 8. Bd2
Bb4 9. Bd3 O-O 10. Nge2 dxc4 11. Bxc4 c5 12. dxc5 Qxc5 13. Rg1 Rf7 14. Bb3 Nc6
15. Nf4 Qe7 16. a3 Bd6 17. Nh3 Bd7 18. Ng5 Rff8 19. Bc2 e5 20. Nd5 Nxd5 21.
Qxd5+ Kh8 22. Bxh7 Qf6 23. Ne4 Qf3 24. Qxd6 Nd4 25. exd4 Bb5 26. Nc3 Qxf2+ 27.
Kd1 Qxg1+ 28. Kc2 Qxa1 29. Be4 Qg1 30. Qxe5 Be8 31. Qe7 Bg6 32. Qh4+ Kg8 33. Kb3
Bxe4 34. Qxe4 Qf1 35. d5 Rae8 36. Qg4 Rf6 37. Bg5 Rb6+ 38. Ka2 Re1 39. Qc8+ Kh7
40. Nb1 Qd3 41. Nc3 Rg1 42. Bd8 Rh6 43. h4 b5 44. Bg5 Rd6 45. Be7 Rxd5 46. Qc6
Rd7 47. Nxb5 Rxe7 48. Qc5 Qb1+ 49. Kb3 Rg3+ 50. Nc3 Rb7+ 51. Ka4 Qc2+ 52. Ka5
Rg6 53. b4 Rf7 54. Qh5+ Kg8 55. Nd5 Rd6 56. Qe5 Ra6+ 0-1

[Event "World Rapid Women 2017"]
[Site "Riyadh KSA"]
[Date "2017.12.26"]
[Round "1.9"]
[White "Mammadova, Gulnar"]
[Black "Bodnaruk, Anastasia"]
[Result "1-0"]
[WhiteTitle "IM"]
[BlackTitle "IM"]
[WhiteElo "2357"]
[BlackElo "2428"]
[WhiteFideId "13403508"]
[BlackFideId "4181751"]
[EventDate "2017.12.26"]

1. e4 c5 2. Nf3 Nc6 3. Bb5 g6 4. Bxc6 dxc6 5. d3 Bg7 6. O-O b6 7. a4 a5 8. h3
Nh6 9. Nc3 O-O 10. Bf4 f6 11. Qd2 Nf7 12. e5 fxe5 13. Bg3 Bh6 14. Qe2 Bf4 15.
Nxe5 Bxg3 16. Nxc6 Bh2+ 17. Kh1 Qc7 18. Nxe7+ Kg7 19. Nxc8 Raxc8 20. f4 Bxf4 21.
Nd5 Qd6 22. Nxf4 Rce8 23. Qd2 Ne5 24. Rae1 Nc6 25. Rxe8 Rxe8 26. Qf2 Qe5 27. c3
Nd8 28. Qf3 Qd6 29. Nd5 Qe5 30. Nf6 Re6 31. Nh5+ Kh6 32. Ng3 Re8 33. Ne4 Ne6 34.
Nf6 Ng5 35. Ng4+ Kg7 36. Nxe5 Nxf3 37. Nxf3 Re2 38. Rb1 Rc2 39. Kg1 Kf6 40. Kf1
Kf5 41. b4 Rxc3 42. bxa5 bxa5 43. Ke2 Ra3 44. Rb5 Rxa4 45. Ke3 Ra1 46. Rxc5+ Kf6
47. Rc6+ Ke7 48. Ra6 a4 49. Kf4 a3 50. d4 a2 51. d5 Kd7 1-0

[Event "World Rapid Women 2017"]
[Site "Riyadh KSA"]
[Date "2017.12.26"]
[Round "1.10"]
[White "Danielian, Elina"]
[Black "Charkhalashvili, Inga"]
[Result "1-0"]
[WhiteTitle "GM"]
[BlackTitle "WGM"]
[WhiteElo "2413"]
[BlackElo "2355"]
[WhiteFideId "13300210"]
[BlackFideId "13601431"]
[EventDate "2017.12.26"]

1. d4 Nf6 2. Nf3 e6 3. e3 b6 4. Bd3 Bb7 5. O-O c5 6. c4 Be7 7. Nc3 O-O 8. d5
exd5 9. cxd5 d6 10. e4 Nbd7 11. h3 a6 12. a4 Qc7 13. b3 Rfe8 14. Bb2 Bf8 15. Rc1
g6 16. Nd2 Bg7 17. f4 Nf8 18. Qf3 N6d7 19. Nc4 Rab8 20. Kh1 Ba8 21. f5 Ne5 22.
Nxe5 Bxe5 23. Bxa6 Qe7 24. f6 Qd8 25. Bb5 Nd7 26. Nd1 h6 27. Bxe5 Rxe5 28. Ne3
Rg5 29. Bxd7 Qxd7 30. Qf4 b5 31. axb5 Rxb5 32. Rc3 Ra5 33. Nc4 Ra2 34. Rf2 Ra6
35. Kh2 Bb7 36. Rg3 Rxg3 37. Qxh6 1-0

[Event "World Rapid Women 2017"]
[Site "Riyadh KSA"]
[Date "2017.12.26"]
[Round "1.11"]
[White "Sedina, Elena"]
[Black "Paehtz, Elisabeth"]
[Result "0-1"]
[WhiteTitle "IM"]
[BlackTitle "IM"]
[WhiteElo "2312"]
[BlackElo "2464"]
[WhiteFideId "812153"]
[BlackFideId "4641833"]
[EventDate "2017.12.26"]

1. e4 g6 2. d4 Bg7 3. Nf3 d6 4. Bc4 c6 5. Bb3 Nf6 6. Qe2 Qc7 7. O-O e5 8. c3 O-O
9. dxe5 dxe5 10. Nbd2 Nh5 11. Rd1 Nf4 12. Qf1 b5 13. a4 bxa4 14. Bxa4 Nd7 15.
Nc4 Nc5 16. Bc2 Bg4 17. Bxf4 exf4 18. Qe2 Rfe8 19. h3 Bh5 20. Rd6 Ne6 21. Ra6
Nd8 22. Qd3 Qc8 23. Ra1 Nb7 24. e5 Nc5 25. Qd4 Bxf3 26. Qxc5 Bd5 27. Rxd5 cxd5
28. Qxd5 Qe6 29. Be4 Rad8 30. Qxe6 Rxe6 31. Rxa7 Bxe5 32. Nxe5 Rxe5 33. f3 Rd1+
34. Kh2 f5 35. Bc2 Rc1 36. Bb3+ Kh8 37. Ra8+ Kg7 38. Ra7+ Kf8 39. Ra8+ Ke7 40.
Ba4 Kf7 41. Ra7+ Kf6 42. Ra6+ Kg5 43. Ra7 Ree1 44. h4+ Kxh4 45. Rxh7+ Kg5 46. g3
Re2+ 0-1

[Event "World Rapid Women 2017"]
[Site "Riyadh KSA"]
[Date "2017.12.26"]
[Round "1.12"]
[White "Harika, Dronavalli"]
[Black "Gu, Xiaobing"]
[Result "1-0"]
[WhiteTitle "GM"]
[BlackTitle "WGM"]
[WhiteElo "2504"]
[BlackElo "2332"]
[WhiteFideId "5015197"]
[BlackFideId "8602611"]
[EventDate "2017.12.26"]

1. e4 c5 2. Nf3 d6 3. d4 cxd4 4. Nxd4 Nf6 5. Nc3 a6 6. Be2 e5 7. Nf3 Be7 8. Bg5
Be6 9. Bxf6 Bxf6 10. O-O O-O 11. Nd5 Be7 12. Bc4 b5 13. Bb3 Nd7 14. Qe2 Kh8 15.
Rfd1 f5 16. Nxe7 Qxe7 17. Bxe6 Qxe6 18. exf5 Qe7 19. Qe4 Nf6 20. Qh4 Rac8 21. c3
Rc4 22. Qh3 Rf4 23. Ng5 Rc8 24. Rxd6 Kg8 25. Rad1 h6 26. Ne6 Kh7 27. Nxf4 exf4
28. Qf3 Qe5 29. Rxa6 b4 30. Re6 Qc5 31. Rxf6 gxf6 32. Rd7+ Kh8 33. Qh5 1-0

[Event "World Rapid Women 2017"]
[Site "Riyadh KSA"]
[Date "2017.12.26"]
[Round "1.13"]
[White "Ordaz Valdes, Lisandra Teresa"]
[Black "Goryachkina, Aleksandra"]
[Result "1/2-1/2"]
[WhiteTitle "WGM"]
[BlackTitle "WGM"]
[WhiteElo "2414"]
[BlackElo "2486"]
[WhiteFideId "3506940"]
[BlackFideId "4147103"]
[EventDate "2017.12.26"]

1. d4 d5 2. c4 Nc6 3. Nc3 dxc4 4. d5 Ne5 5. e4 e6 6. Nf3 Nxf3+ 7. Qxf3 Nf6 8.
Bxc4 exd5 9. exd5 Be7 10. h3 O-O 11. O-O a6 12. Bf4 h6 13. Rac1 Bd6 14. Rfd1
Bxf4 15. Qxf4 Qd6 16. Qf3 Bd7 17. Ne2 Rfe8 18. Nd4 Qb6 19. Bb3 Re4 20. Qc3 Rc8
21. Qc5 Qxc5 22. Rxc5 Ne8 23. f3 Re7 24. Rdc1 Rd8 25. Kf2 Bc8 26. g4 g6 27. a4
Rd6 28. a5 Kf8 29. R1c3 Rf6 30. Bc2 Bd7 31. Ne2 Rd6 32. Ng3 b6 33. axb6 cxb6 34.
R5c4 Rxd5 35. Ne4 Nd6 36. Rb4 Nxe4+ 37. Bxe4 Rb5 38. Rxb5 Bxb5 39. Rc8+ Re8 40.
Rc7 Re7 41. Rc8+ Kg7 42. Rb8 Re6 43. Rb7 Bc4 44. Ke3 Rd6 45. h4 g5 46. h5 b5 47.
b4 Bd5 48. Bxd5 Rxd5 49. Rb6 Re5+ 50. Kd4 Re1 51. Rxa6 Rc1 52. Rb6 Rc4+ 53. Ke3
Rxb4 54. Kf2 Rb3 55. Kg3 Rb2 56. Kh3 b4 57. Kg3 Rb1 58. Kg2 b3 59. Kf2 Kh7 60.
Rb7 Kg8 61. Rb8+ Kg7 62. Rb6 b2 63. Kg2 Kf8 64. Rb7 Ke8 65. Kh2 Kd8 66. Kg2 Kc8
67. Rb3 Kc7 68. Rb5 Kc6 69. Rb8 Kc5 70. Rc8+ Kd6 71. Rb8 f5 72. gxf5 Ke5 73.
Rb5+ Kf6 74. Kh2 Re1 75. Rxb2 Kxf5 76. Kg2 Re6 77. Kg3 Rd6 78. Rb5+ Kf6 79. Ra5
Rc6 1/2-1/2

[Event "World Rapid Women 2017"]
[Site "Riyadh KSA"]
[Date "2017.12.26"]
[Round "1.15"]
[White "Cornette, Deimante"]
[Black "Huang, Qian"]
[Result "1/2-1/2"]
[WhiteTitle "IM"]
[BlackTitle "WGM"]
[WhiteElo "2439"]
[BlackElo "2438"]
[WhiteFideId "12802859"]
[BlackFideId "8602689"]
[EventDate "2017.12.26"]

1. e4 d5 2. exd5 Qxd5 3. Nc3 Qd8 4. d4 g6 5. Bf4 Bg7 6. Qd2 a6 7. Nf3 Nf6 8.
O-O-O b5 9. Ne5 Bb7 10. f3 Nc6 11. h4 Nd5 12. Nxd5 Qxd5 13. Nxc6 Qxc6 14. Bd3
Qb6 15. Be4 O-O-O 16. Bxb7+ Kxb7 17. Be3 Rd5 18. Qb4 Qd6 19. Qxd6 Rxd6 20. c3 h5
21. Bf4 Rd5 22. Rhe1 e6 23. Kc2 Rhd8 24. Bg5 R8d7 25. Rd2 Bf8 26. Rde2 c5 27.
dxc5 Bxc5 28. g4 Kc6 29. gxh5 gxh5 30. Re5 Rxe5 31. Rxe5 Rd5 32. Re4 Rf5 33. Rf4
Rxf4 34. Bxf4 f6 35. Bg3 Kd5 36. Kd3 e5 37. b3 f5 38. c4+ bxc4+ 39. bxc4+ Ke6
40. Be1 Bb6 41. Bd2 Bf2 42. Bg5 Kd6 43. Bf6 Bg3 44. Kc3 Kc6 45. Be7 Bf2 46. Kd3
Bb6 47. Bf6 Bc7 48. Be7 Bd6 49. Bf6 Kc5 50. Kc3 e4 51. fxe4 fxe4 52. Bd4+ Kc6
53. Kd2 Bf4+ 54. Ke2 Bg3 55. Bf6 Kc5 56. Ke3 Kxc4 57. Kxe4 Kb4 58. Be7+ Kc3 59.
Kf5 Kb2 60. a3 Bxh4 61. Bxh4 1/2-1/2

[Event "World Rapid Women 2017"]
[Site "Riyadh KSA"]
[Date "2017.12.26"]
[Round "1.16"]
[White "Guo, Qi"]
[Black "Fierro Baquero, Martha L."]
[Result "1/2-1/2"]
[WhiteTitle "IM"]
[BlackTitle "IM"]
[WhiteElo "2396"]
[BlackElo "2369"]
[WhiteFideId "8604002"]
[BlackFideId "3600270"]
[EventDate "2017.12.26"]

1. d4 g6 2. c4 Bg7 3. e4 d6 4. Nc3 Nf6 5. Nf3 O-O 6. Be2 e5 7. O-O exd4 8. Nxd4
Re8 9. f3 c6 10. Kh1 Nbd7 11. Bf4 Nh5 12. Bxd6 Qf6 13. Nb3 Nf4 14. c5 Ne5 15. g3
Nxe2 16. Qxe2 Be6 17. f4 Nc4 18. e5 Qd8 19. Nd4 Nxd6 20. cxd6 Bh3 21. Rfe1 Qb6
22. Qd2 Rad8 23. b3 a5 24. Na4 Qa7 25. Rac1 f6 26. Nf3 Bg4 27. Rc3 b5 28. Nb2
Bxf3+ 29. Rxf3 fxe5 30. Rfe3 e4 31. Rxe4 Rxe4 32. Rxe4 Bxb2 33. Qxb2 Rxd6 34.
Qe2 Qd7 35. Qf3 Rd1+ 36. Kg2 Rd3 37. Re3 Rd2+ 38. Re2 Rxe2+ 39. Qxe2 Qd5+ 40.
Kf2 Kf7 41. Qe3 Kf6 42. Qc3+ Kf5 43. Qxa5 Qd4+ 44. Ke2 Qe4+ 45. Kd2 Qg2+ 46. Kc1
Qxh2 47. Qc3 Qh1+ 48. Kb2 Kg4 49. a4 bxa4 50. bxa4 Qg2+ 51. Ka3 Qd5 52. Kb4 h5
53. Qe3 Qd6+ 54. Ka5 c5 55. Qe5 Qc6 56. Qg5+ Kf3 57. f5 gxf5 58. Qxh5+ Kxg3 59.
Qxf5 Qa8+ 60. Kb5 Qe8+ 61. Ka5 Qa8+ 62. Kb5 Qe8+ 63. Ka5 Qa8+ 1/2-1/2

[Event "World Rapid Women 2017"]
[Site "Riyadh KSA"]
[Date "2017.12.26"]
[Round "1.17"]
[White "Nguyen, Thi Mai Hung"]
[Black "Lei, Tingjie"]
[Result "0-1"]
[WhiteTitle "WGM"]
[BlackTitle "GM"]
[WhiteElo "2321"]
[BlackElo "2528"]
[WhiteFideId "12401676"]
[BlackFideId "8605114"]
[EventDate "2017.12.26"]

1. d4 Nf6 2. Nf3 d5 3. e3 c5 4. c3 e6 5. Bd3 Nc6 6. Nbd2 Bd6 7. O-O O-O 8. dxc5
Bxc5 9. b4 Bd6 10. a3 b6 11. Bb2 Bb7 12. c4 Ne7 13. Qe2 Ng6 14. Rfd1 Qe7 15.
Rac1 a5 16. cxd5 Nxd5 17. bxa5 bxa5 18. Nc4 Bc7 19. Bb1 Ba6 20. Bd3 Bb7 21. g3
Rfd8 22. e4 Nb6 23. Nce5 Na4 24. Ba1 Nxe5 25. Nxe5 Nc5 26. Bc2 f6 27. Nc4 Ba6
28. e5 f5 29. Bd4 Rab8 30. Be3 Rd5 31. f4 Nb3 32. Rb1 a4 33. Bd3 Rbd8 34. Nd6
Bxd3 35. Rxd3 Bxd6 36. exd6 R8xd6 37. Rc3 h6 38. Qc4 Nd2 39. Bxd2 Rxd2 40. Qxa4
Kh7 41. Re1 0-1

[Event "World Rapid Women 2017"]
[Site "Riyadh KSA"]
[Date "2017.12.26"]
[Round "1.19"]
[White "Michna, Marta"]
[Black "Skripchenko, Almira"]
[Result "1/2-1/2"]
[WhiteTitle "WGM"]
[BlackTitle "IM"]
[WhiteElo "2377"]
[BlackElo "2403"]
[WhiteFideId "1106686"]
[BlackFideId "13900145"]
[EventDate "2017.12.26"]

1. d4 d6 2. Nf3 Nf6 3. h3 Nbd7 4. Bf4 g6 5. c3 Bg7 6. Nbd2 O-O 7. e4 Re8 8. Be2
e5 9. dxe5 dxe5 10. Bh2 Qe7 11. O-O Nh5 12. Re1 Nf4 13. Bf1 Ne6 14. Nc4 Ng5 15.
Nxg5 Qxg5 16. Qc2 Nb6 17. Kh1 Be6 18. Ne3 Qe7 19. Rad1 c6 20. Be2 a5 21. a4 h5
22. Bg1 Qh4 23. Bf1 Nd7 24. Nc4 Bf8 25. f3 Bc5 26. Qc1 Bxg1 27. Kxg1 Qg3 28. Qe3
Bxh3 29. Nd6 Reb8 30. Qf2 Qxf2+ 31. Kxf2 Be6 32. Bc4 Nc5 33. Bxe6 Nxe6 34. Nc4
Nc5 35. Nxe5 Re8 36. Nd7 Nxd7 37. Rxd7 Rab8 38. Red1 b5 39. axb5 Rxb5 40. R1d2
a4 41. Ra7 Reb8 42. Rxa4 Rxb2 43. Rd4 Rxd2+ 1/2-1/2

[Event "World Rapid Women 2017"]
[Site "Riyadh KSA"]
[Date "2017.12.26"]
[Round "1.22"]
[White "Cramling, Pia"]
[Black "Kovanova, Baira"]
[Result "0-1"]
[WhiteTitle "GM"]
[BlackTitle "WGM"]
[WhiteElo "2450"]
[BlackElo "2367"]
[WhiteFideId "1700030"]
[BlackFideId "4164083"]
[EventDate "2017.12.26"]

1. Nf3 Nf6 2. c4 e6 3. g3 b6 4. Bg2 Bb7 5. O-O Be7 6. Nc3 O-O 7. Re1 d5 8. cxd5
Nxd5 9. e4 Nxc3 10. bxc3 c5 11. d4 cxd4 12. cxd4 Nd7 13. Bf4 Nf6 14. Ne5 Bb4 15.
Re3 Rc8 16. Bg5 Be7 17. a4 h6 18. Bxf6 Bxf6 19. Rd3 Ba6 20. Rd2 Bxe5 21. dxe5
Qc7 22. a5 bxa5 23. Rd6 Bb5 24. h4 a4 25. Qd4 a6 26. Bf1 Qc5 27. Qb2 a3 28. Qd4
Qc3 29. Qxc3 Rxc3 30. Rb6 Rfc8 0-1

[Event "World Rapid Women 2017"]
[Site "Riyadh KSA"]
[Date "2017.12.26"]
[Round "1.23"]
[White "Vijayalakshmi, Subbaraman"]
[Black "Abdumalik, Zhansaya"]
[Result "0-1"]
[WhiteTitle "IM"]
[BlackTitle "IM"]
[WhiteElo "2357"]
[BlackElo "2449"]
[WhiteFideId "5004098"]
[BlackFideId "13703544"]
[EventDate "2017.12.26"]

1. Nf3 Nf6 2. g3 g6 3. b3 Bg7 4. Bb2 d5 5. Bg2 O-O 6. O-O c5 7. d4 cxd4 8. Nxd4
Re8 9. c4 e5 10. Nb5 d4 11. e3 a6 12. N5a3 Nc6 13. c5 Qa5 14. Nd2 dxe3 15. Ndc4
exf2+ 16. Rxf2 Qxc5 17. Qd6 Qa7 18. h3 Bxh3 19. Rf1 Bf5 20. Kh1 Ng4 21. Rxf5
gxf5 22. Qd2 Re6 23. Bh3 b5 24. Rxf5 Rd8 25. Qe2 Nh6 26. Rg5 Rg6 27. Rxg6 hxg6
28. Ne3 Nd4 29. Qe1 Qe7 30. Nac2 Qg5 31. Nf1 Nxc2 0-1

[Event "World Rapid Women 2017"]
[Site "Riyadh KSA"]
[Date "2017.12.26"]
[Round "1.24"]
[White "Khotenashvili, Bela"]
[Black "Hoang, Thi Bao Tram"]
[Result "1-0"]
[WhiteTitle "GM"]
[BlackTitle "WGM"]
[WhiteElo "2476"]
[BlackElo "2410"]
[WhiteFideId "13602640"]
[BlackFideId "12401102"]
[EventDate "2017.12.26"]

1. d4 d5 2. c4 e6 3. Nf3 Nf6 4. g3 Bb4+ 5. Bd2 Be7 6. Bg2 O-O 7. O-O b6 8. Qc2
Bb7 9. cxd5 exd5 10. Nc3 Nbd7 11. Bf4 c6 12. Nh4 Nh5 13. Nf5 Nxf4 14. gxf4 Re8
15. Kh1 Bf8 16. Rg1 Qf6 17. e3 g6 18. Ng3 Bd6 19. Rad1 Qh4 20. Bf3 Kh8 21. a3
Nf6 22. b4 a6 23. Na4 Bc7 24. Nb2 Bd6 25. Nd3 Rac8 26. Qb2 Rc7 27. Rc1 Ng4 28.
Rg2 f6 29. a4 Rec8 30. Qe2 Nh6 31. Rgg1 Qh3 32. Bg2 Qe6 33. a5 bxa5 34. Nc5 Qe7
35. bxa5 Bxf4 36. exf4 Qd6 37. Qf3 Rg7 38. Rge1 Rcg8 39. Re6 Qd8 40. Nxb7 Rxb7
41. Rexc6 Qxa5 42. Rxf6 Rb2 43. Re6 Rf8 44. Rd1 Qc7 45. Re5 a5 46. Qxd5 Ng4 47.
Kg1 Qc2 48. Rf1 Nxf2 49. Re7 Ng4 50. Re2 Qc3 51. Rxb2 Qxb2 52. h3 Nf6 53. Qd6
Rf7 54. Qd8+ Kg7 55. Qxa5 Qxd4+ 56. Kh2 Re7 57. Qa1 Qb4 58. Qc1 h5 59. f5 h4 60.
Nh1 Qb8+ 61. Qf4 Qxf4+ 62. Rxf4 g5 63. Ra4 Re5 64. Ra7+ Kf8 65. Nf2 Rxf5 66. Ng4
Nh5 67. Ra8+ Ke7 68. Ne3 Rf2 69. Kg1 Rd2 70. Ra5 Kf6 71. Ng4+ Kg6 72. Be4+ Kf7
73. Rxg5 Ng3 74. Bf3 Rb2 75. Rc5 Rb1+ 76. Kf2 1-0

[Event "World Rapid Women 2017"]
[Site "Riyadh KSA"]
[Date "2017.12.26"]
[Round "1.25"]
[White "Mamedjarova, Turkan"]
[Black "Mkrtchian, Lilit"]
[Result "1/2-1/2"]
[WhiteTitle "WGM"]
[BlackTitle "IM"]
[WhiteElo "2260"]
[BlackElo "2376"]
[WhiteFideId "13402005"]
[BlackFideId "13300601"]
[EventDate "2017.12.26"]

1. d4 Nf6 2. Nf3 e6 3. c4 b6 4. Nc3 Bb4 5. e3 Bb7 6. Bd3 c5 7. O-O O-O 8. a3
Bxc3 9. bxc3 d6 10. Qe2 Ne4 1/2-1/2

[Event "World Rapid Women 2017"]
[Site "Riyadh KSA"]
[Date "2017.12.26"]
[Round "1.26"]
[White "Socko, Monika"]
[Black "Nakhbayeva, Guliskhan"]
[Result "0-1"]
[WhiteTitle "GM"]
[BlackTitle "WGM"]
[WhiteElo "2471"]
[BlackElo "2314"]
[WhiteFideId "1106619"]
[BlackFideId "13704788"]
[EventDate "2017.12.26"]

1. d4 Nf6 2. c4 e6 3. Nc3 Bb4 4. e3 O-O 5. Ne2 Re8 6. a3 Bf8 7. d5 a5 8. g3 Na6
9. Bg2 Nc5 10. b3 d6 11. O-O exd5 12. cxd5 Bf5 13. Ra2 Qd7 14. b4 Nd3 15. b5
Nxc1 16. Qxc1 g6 17. Rd1 Bh6 18. Rd4 Ng4 19. Nf4 Bg7 20. Rd1 Ne5 21. f3 Qe7 22.
e4 Bd7 23. a4 h5 24. Nce2 c6 25. dxc6 bxc6 26. b6 Bc8 27. Nd3 Nxd3 28. Rxd3 Ba6
29. Rd1 d5 30. Nf4 Bc4 31. Rad2 Bh6 32. Kh1 Rab8 33. Rb2 Rb7 34. h4 Qc5 35. exd5
cxd5 36. Kh2 Kh7 37. Rb5 Qc6 38. Rxa5 Qxb6 39. Raxd5 Bxd5 40. Rxd5 Qf2 41. Qc4
Re1 42. Rb5 Rbe7 43. Qb4 R1e2 44. Rg5 Bxg5 45. hxg5 h4 46. Nxe2 Rxe2 47. Qxh4+
Kg8 48. Qh3 Qxf3 49. a5 Qa3 50. Qc8+ Kg7 51. Qc4 Qf3 52. Qd4+ Kg8 53. Qg1 Qh5# 0-1